| 000 | 00577nam a2200217Ia 4500 | ||
|---|---|---|---|
| 003 | OSt | ||
| 005 | 20140312085929.0 | ||
| 008 | 140130s9999 xx 000 0 und d | ||
| 020 | _a9780545013192 | ||
| 050 |
_aPZ 7 _b.M478Dr 2007 |
||
| 100 | _aMcCall, Gerrie. | ||
| 245 |
_cGerrie McCall. _aDragons : _bfearsome monsters from myth and fiction / |
||
| 260 |
_bScholastic, _c2007. _aSingapore : |
||
| 300 |
_a48 p. : _bcol. ill. ; _c23 cm. |
||
| 440 | _v1 | ||
| 521 | _aG5 | ||
| 526 | _c700 | ||
| 650 |
_aDragons _xJuvenile Literature |
||
| 942 |
_cBK _2lcc |
||
| 999 |
_c42033 _d42033 |
||